<?xml version="1.0" encoding="UTF-8"?><?xml-stylesheet type="text/xsl" href="static/style.xsl"?><OAI-PMH xmlns="http://www.openarchives.org/OAI/2.0/" xmlns:xsi="http://www.w3.org/2001/XMLSchema-instance" xsi:schemaLocation="http://www.openarchives.org/OAI/2.0/ http://www.openarchives.org/OAI/2.0/OAI-PMH.xsd"><responseDate>2026-04-17T06:51:59Z</responseDate><request verb="GetRecord" identifier="oai:www.recercat.cat:2072/441295" metadataPrefix="marc">https://recercat.cat/oai/request</request><GetRecord><record><header><identifier>oai:recercat.cat:2072/441295</identifier><datestamp>2026-03-28T06:43:20Z</datestamp><setSpec>com_2072_98</setSpec><setSpec>col_2072_378192</setSpec></header><metadata><record xmlns="http://www.loc.gov/MARC21/slim" xmlns:dcterms="http://purl.org/dc/terms/" xmlns:xsi="http://www.w3.org/2001/XMLSchema-instance" xmlns:doc="http://www.lyncode.com/xoai" xsi:schemaLocation="http://www.loc.gov/MARC21/slim http://www.loc.gov/standards/marcxml/schema/MARC21slim.xsd">
   <leader>00925njm 22002777a 4500</leader>
   <datafield ind2=" " ind1=" " tag="042">
      <subfield code="a">dc</subfield>
   </datafield>
   <datafield ind2=" " ind1=" " tag="720">
      <subfield code="a">Espinós, Juan José</subfield>
      <subfield code="e">author</subfield>
   </datafield>
   <datafield ind2=" " ind1=" " tag="720">
      <subfield code="a">Solà Arnau, Ivan</subfield>
      <subfield code="e">author</subfield>
   </datafield>
   <datafield ind2=" " ind1=" " tag="720">
      <subfield code="a">Valli, Claudia</subfield>
      <subfield code="e">author</subfield>
   </datafield>
   <datafield ind2=" " ind1=" " tag="720">
      <subfield code="a">Polo, Ana</subfield>
      <subfield code="e">author</subfield>
   </datafield>
   <datafield ind2=" " ind1=" " tag="720">
      <subfield code="a">Ziolkowska, Lucja</subfield>
      <subfield code="e">author</subfield>
   </datafield>
   <datafield ind2=" " ind1=" " tag="720">
      <subfield code="a">Martinez-Zapata, Mª José</subfield>
      <subfield code="e">author</subfield>
   </datafield>
   <datafield ind2=" " ind1=" " tag="260">
      <subfield code="c">2020</subfield>
   </datafield>
   <datafield ind2=" " ind1=" " tag="520">
      <subfield code="a">Obesity has been associated with negative effects on natural fertility and poor prognosis when assisted reproductive technologies (ART) are performed. Patients attending for fertility treatments are often advised to optimize their weights to improve the outcomes. There is lack of enough information on how weight-loss would be effective for improving fertility in women who are overweight or obese. We conducted a systematic review to evaluate whether weight-loss achieved by lifestyle program improves natural or assisted reproduction in obese infertile women. We searched CENTRAL, MEDLINE, and EMBASE up to March 2018. Two reviews were selected as randomised trials assessing a lifestyle intervention in women with obesity before receiving treatments for infertility and appraised their risk of bias. We extracted data on pregnancy, birth, and miscarriage rates as the primary outcomes and pooled effect estimates using a random effects model. The primary outcome was the live birth rate. We reported summary measures as the relative risk (RR), 95% confidence interval (CI), and percentage of heterogeneity (I2). We included eight randomised trials with 1175 women. Lifestyle programmes, improved pregnancy rates (RR: 1.43, CI: 95% 1.02 to 2.01; I2=60%; 8 RCTs; N=1098) but had no impact on live births (RR: 1.39, CI: 95% 0.90 to 2.14; I2=64%; 7RCTs; N=1034). Our findings suggest that women participating in lifestyle interventions had an increased risk of miscarriage (RR: 1.50, CI: 95% 1.04 to 2.16; I2=0; 6RCTs; N=543). We rated the quality of evidence for these outcomes as the moderate-to-low. Lifestyle interventions slightly increased the pregnancy rate, while it would be uncertain whether it can improve the live birth. Lifestyle interventions can increase the risk of miscarriage. More research is needed to further explore lifestyle interventions on reproductive outcomes in obese infertile women. Instituto de Salud Carlos III.</subfield>
   </datafield>
   <datafield tag="653" ind2=" " ind1=" ">
      <subfield code="a">Diet</subfield>
   </datafield>
   <datafield tag="653" ind2=" " ind1=" ">
      <subfield code="a">Infertility</subfield>
   </datafield>
   <datafield tag="653" ind2=" " ind1=" ">
      <subfield code="a">Live Birth Rate</subfield>
   </datafield>
   <datafield tag="653" ind2=" " ind1=" ">
      <subfield code="a">Obesity</subfield>
   </datafield>
   <datafield tag="653" ind2=" " ind1=" ">
      <subfield code="a">Physical Exercise</subfield>
   </datafield>
   <datafield ind2="0" ind1="0" tag="245">
      <subfield code="a">The Effect of Lifestyle Intervention on Pregnancy and Birth Outcomes on Obese Infertile Women : a Systematic Review and Meta-Analysis</subfield>
   </datafield>
</record></metadata></record></GetRecord></OAI-PMH>